Statistiques concernant Subdivision la plus devinée par pays

Cliquez ici pour prendre le quiz!

Statistiques générales

  • Ce quiz a été pris 770 fois
    (678 depuis la dernière actualisation)
  • Le résultat moyen est 9 sur 20

Statistiques - réponses

PaysType de quiz%Réponse% Correct
FranceRégion86%Bretagne
95%
États-UnisÉtat96%Californie
88%
CanadaProvince93%Québec
86%
EspagneRégion92%Catalogne
69%
JaponPréfecture97%Tokyo
58%
ItalieRégion93%Sicile
57%
AllemagneÉtat95%Bavière
54%
Royaume-UniComté93%Grand Londres
50%
RussieSujet97%Moscou
50%
Émirats Arabes UnisÉmirat98%Dubaï
47%
BrésilÉtat97%Rio de Janeiro
46%
SuisseCanton95%Berne
45%
IrlandeComté94%Dublin
39%
ChineProvince93%Pékin
37%
IndeÉtat85%Delhi
34%
AustralieÉtat93%Tasmanie
24%
Nouvelle-ZélandeRégion96%Auckland
17%
MexiqueÉtat87%Basse-Californie
12%
Pays-BasProvince82%Hollande-Sept.
7%
Afrique du SudProvince74%Cap-Occidental
3%

Distribution des résultats

Percentile par nombre de réponses

% des personnes avec chaque résultat

Votre développement - résultats

Vous n’avez pas pris ce quiz depuis la dernière actualisation